| 000 | 006950000a22001810004500 | ||
|---|---|---|---|
| 003 | MACL | ||
| 005 | 20160609162213.0 | ||
| 008 | 160609b xxu||||| |||| 00| 0 eng d | ||
| 040 |
_aMACL _cMACL |
||
| 041 | _aHindi | ||
| 082 | _a500 | ||
| 100 |
_aकैस, लियोन आर और विल्सन, जेम्स क्यू _963617 |
||
| 245 |
_aमानव क्लोनिंग की नैतिकता _cलियोन आर कैस और जेम्स क्यू विल्सन |
||
| 260 |
_bराजकमल प्रकाशन _c2002 _aपटना |
||
| 350 | _a125 | ||
| 650 |
_aPure Sci. _940184 |
||
| 942 |
_cHIN _k500 _2ddc |
||
| 999 |
_c30370 _d30370 |
||